Bystander CPR : New Aspects of CPR Training among Students and the Importance of Bystander Education Level on Survival.

Bibliographic Details
Main Author: Nord, Anette.
Format: eBook
Language:English
Published: Linköping : Linkopings Universitet, 2017.
Edition:1st ed.
Series:Linköping University Medical Dissertations Series
Subjects:
Online Access:Click to View
LEADER 01864nam a22003853i 4500
001 EBC5123376
003 MiAaPQ
005 20240729202202.0
006 m o d |
007 cr cnu||||||||
008 240729s2017 xx o ||||0 eng d
020 |a 9789176854778  |q (electronic bk.) 
035 |a (MiAaPQ)EBC5123376 
035 |a (Au-PeEL)EBL5123376 
035 |a (CaPaEBR)ebr11464592 
035 |a (OCoLC)1011200014 
040 |a MiAaPQ  |b eng  |e rda  |e pn  |c MiAaPQ  |d MiAaPQ 
100 1 |a Nord, Anette. 
245 1 0 |a Bystander CPR :  |b New Aspects of CPR Training among Students and the Importance of Bystander Education Level on Survival. 
250 |a 1st ed. 
264 1 |a Linköping :  |b Linkopings Universitet,  |c 2017. 
264 4 |c {copy}2017. 
300 |a 1 online resource (121 pages) 
336 |a text  |b txt  |2 rdacontent 
337 |a computer  |b c  |2 rdamedia 
338 |a online resource  |b cr  |2 rdacarrier 
490 1 |a Linköping University Medical Dissertations Series ;  |v v.1580 
505 0 |a Intro -- Contents -- LIST OF PAPERS -- ABSTRACT -- SVENSK SAMMANFATTNING -- ABBREVIATIONS -- INTRODUCTION -- BACKGROUND -- AIM -- METHOD -- RESULTS -- DISCUSSION -- ACKNOWLEDGEMENTS -- REFERENCES -- Supplementary file 1 -- Supplementary file 2. 
588 |a Description based on publisher supplied metadata and other sources. 
590 |a Electronic reproduction. Ann Arbor, Michigan : ProQuest Ebook Central, 2024. Available via World Wide Web. Access may be limited to ProQuest Ebook Central affiliated libraries.  
655 4 |a Electronic books. 
776 0 8 |i Print version:  |a Nord, Anette  |t Bystander CPR  |d Linköping : Linkopings Universitet,c2017 
797 2 |a ProQuest (Firm) 
830 0 |a Linköping University Medical Dissertations Series 
856 4 0 |u https://ebookcentral.proquest.com/lib/matrademy/detail.action?docID=5123376  |z Click to View